Spoločenská zodpovednosť firiem

Podiel zodpovednosti podnikov na vzniku hospodárskej krízy. Príčiny krízy. Manažérska nezodpovednosť. Podniková diagnostika ako nástroj riadenia.

Saved in:
Bibliographic Details
Main Author: Kmeť, Ján, 1968-
Format: Book Chapter
Language:Slovak
Subjects:
Tags: Add Tag
No Tags, Be the first to tag this record!

MARC

LEADER 00000naa$a2200000$$$4500
001 0155052
005 20240502072727.6
041 0 |a slo 
044 |a SK 
245 1 0 |a Spoločenská zodpovednosť firiem  |c Ján Kmeť 
520 |a Podiel zodpovednosti podnikov na vzniku hospodárskej krízy. Príčiny krízy. Manažérska nezodpovednosť. Podniková diagnostika ako nástroj riadenia. 
610 2 0 |a zodpovednosť spoločenská 
610 2 0 |a podnik 
610 2 0 |a manažment 
610 2 0 |a kríza hospodárska 
610 2 0 |a diagnostika podniková 
610 2 0 |a investície 
610 2 0 |a kapitál 
610 2 0 |a recesia 
100 1 |a Kmeť, Ján, 1968-